000 00653nam a2200265Ia 4500
003 OSt
005 20221005114919.0
006 a|||||r|||| 00| 0
007 ta
008 221004b |||||||| |||| 00| 0 tam d
020 _c11.50
024 _a48802
037 _cTextual
040 _aCRL
_cCRL
_btam
041 _2tam
_atam
082 _aO31,1M82:g, M5
100 _aVishwanathan Au.
_9626750
245 0 _aBharathi airukal
260 _c1985
300 _a144p.
_ccm.
650 _a TAMIL POETRY
650 _aTAMIL LITERATURE
942 _hO31,1M82:g, M5
_cTEXL
_2cc
999 _c1032796
_d1032796